ChileRGB

Saved in:
Bibliografiske detaljer
Hovedforfatter: Piwonka Zañartu, Nicolás (Author)
Format: Bog
Sprog:spansk
Udgivet: Santiago Lat.33 2004
Udgivelse:1a. ed
Fag:
Tags: Tilføj Tag
Ingen Tags, Vær først til at tagge denne postø!

MARC

LEADER 00000nam a2200000 a 4500
001 UCJ0525
003 CL-VaPUC
008 060811e20040000CL |||||||||||||||||spa|d
020 |a 9562993191 
082 0 4 |a 779.3  |b PIW  |2 21 
100 0 |a Piwonka Zañartu, Nicolás  |e author  |9 500766 
245 1 0 |a ChileRGB 
250 |a 1a. ed 
300 |a 119 p 
942 |c BK 
945 |d 20060811 00:00:00  |a cmena 
260 |a Santiago  |b Lat.33  |c 2004 
650 0 |a Paisajes  |9 344660 
650 0 |a Fotografías  |9 268494 
650 0 |a Recursos naturales  |9 255232 
651 7 |a CHILE  |2 CL-VaPUC  |9 500767 
583 |a last modification  |c 20060811 00:00:00  |k Rodrigo Vera 
999 |c 317357  |d 317355 
952 |0 0  |1 0  |4 0  |6 779_300000000000000_PIW_2004  |7 0  |8 A  |9 393646  |a BIBARQ  |b BIBARQ  |d 2019-11-22  |i 4262867  |l 1  |o 779.3 PIW 2004  |p 4262867  |r 2025-03-17  |s 2022-06-16  |w 2019-11-22  |y BK  |k ARQ